An Idea Whose Time Has Come Two Presidents, Two Parties, And The Battle For The Civil Rights Act Of 1964 (Record no. 41372)

MARC details
000 -LEADER
fixed length control field 00456nam a2200145Ia 4500
008 - FIXED-LENGTH DATA ELEMENTS--GENERAL INFORMATION
fixed length control field 240719s9999 xx 000 0 und d
041 ## - LANGUAGE CODE
Language code of text/sound track or separate title eng
082 ## - DEWEY DECIMAL CLASSIFICATION NUMBER
Classification number 342.730 PUR
100 ## - MAIN ENTRY--PERSONAL NAME
Personal name Purdum, Todd S
245 ## - TITLE STATEMENT
Title An Idea Whose Time Has Come Two Presidents, Two Parties, And The Battle For The Civil Rights Act Of 1964
260 ## - PUBLICATION, DISTRIBUTION, ETC.
Place of publication, distribution, etc. New York
Name of publisher, distributor, etc. Henry Holt And Company
Date of publication, distribution, etc. 2014
300 ## - PHYSICAL DESCRIPTION
Extent 398;. P. 23 Cm
365 ## - TRADE PRICE
Currency code
Price amount 30
520 ## - SUMMARY, ETC.
Summary, etc. Gifted By : IMT Faculty
Holdings
Withdrawn status Lost status Damaged status Not for loan Home library Current library Shelving location Date acquired Full call number Barcode Date last seen Price effective from Koha item type Public note
        IMTN IMTN Rack 14-B 07/16/2023 342.730 PUR 33067 07/19/2024 07/19/2024 Books Gifted
Designed & Maintained by: LRC IMT Nagpur Contact: lrc@imtnag.ac.in© 2024. All Rights Reserved.